[Event "May Lviv Tradition (IM-group)"]
[Site "Lviv"]
[Date "2015.05.31"]
[Round "9.1"]
[White "Kryvoruchko, Vita"]
[Black "Anwesh, Upadhyaya"]
[Result "0-1"]
[WhiteElo "2213"]
[BlackElo "2373"]
[PlyCount "120"]
[EventDate "2015.05.26"]

1. e4 e5 2. Nf3 Nc6 3. Bb5 a6 4. Ba4 Nf6 5. O-O b5 6. Bb3 Be7 7. Re1 O-O 8. h3
Bb7 9. d3 d5 10. exd5 Nxd5 11. Nxe5 Nxe5 12. Rxe5 Qd6 13. Re1 Rae8 14. Nd2 c5
15. a4 c4 16. dxc4 Nf4 17. Nf3 Nxh3+ 18. Kf1 Qg6 19. Be3 Qh5 20. Qd7 Bxf3 21.
Qxh3 Qxh3 22. gxh3 Bf6 23. Bc5 Rxe1+ 24. Rxe1 Rc8 25. cxb5 axb5 26. axb5 h5 27.
Bd6 Bxb2 28. Re7 Ra8 29. Bxf7+ Kh7 30. Bb4 Bd4 31. Re6 Ra1+ 32. Re1 Ra8 33. c3
Bf6 34. Bb3 Kh6 35. c4 g5 36. c5 g4 37. hxg4 hxg4 38. Bd1 Bd4 39. Bxf3 gxf3 40.
Bd2+ Kg6 41. Be3 Rh8 42. Kg1 Be5 43. Bh6 Bb8 44. Re6+ Kf5 45. Rb6 Be5 46. Be3
Rd8 47. Rd6 Bxd6 48. cxd6 Rxd6 49. b6 Kg4 50. Kh2 Rd5 51. Bc1 Rh5+ 52. Kg1 Rb5
53. Kh2 Rxb6 54. Be3 Rg6 55. Bc1 Kf5 56. Be3 Ke4 57. Kh3 Kd3 58. Bf4 Rg2 59.
Bg3 Ke2 60. Kg4 Rxf2 0-1

[Event "May Lviv Tradition (IM-group)"]
[Site "Lviv"]
[Date "2015.05.31"]
[Round "9.2"]
[White "Osmak, Iulija"]
[Black "Grekh, Andrey"]
[Result "0-1"]
[WhiteElo "2368"]
[BlackElo "2341"]
[PlyCount "140"]
[EventDate "2015.05.26"]

1. e4 c5 2. Nf3 e6 3. d4 cxd4 4. Nxd4 Nc6 5. Nc3 Qc7 6. g3 a6 7. Bg2 b5 8. O-O
Bb7 9. Nxc6 Qxc6 10. Qe2 Rc8 11. a3 Qc4 12. Qxc4 Rxc4 13. Re1 h5 14. h3 Rc8 15.
Re2 Ne7 16. Be3 Ng6 17. h4 Ne5 18. Bd4 Nc4 19. Nd1 e5 20. Bc3 f6 21. Bb4 a5 22.
Bxf8 Rxf8 23. c3 g6 24. Ne3 Nxe3 25. Rxe3 Ke7 26. a4 bxa4 27. Rxa4 Rc5 28. Bf1
Bc6 29. Rc4 Rxc4 30. Bxc4 d6 31. f4 Rb8 32. Re2 $11 Bb5 33. Bxb5 Rxb5 34. Kf2
Ke6 35. Ke3 f5 36. Kd3 Rb7 37. exf5+ gxf5 38. fxe5 dxe5 39. Kc4 e4 40. b4 Rc7+
41. Kd4 Rd7+ 42. Kc5 Rd3 43. bxa5 Rxc3+ 44. Kb4 Rxg3 45. a6 Rg8 46. Ra2 Ke5 47.
a7 Ra8 48. Kc3 Kf4 49. Ra5 Ke3 50. Rxf5 Rxa7 51. Rxh5 Rc7+ 52. Kb3 Kd4 53. Rh8
e3 54. Re8 Kd3 55. Rd8+ Ke2 56. h5 Rf7 57. Kc2 Kf2 58. h6 e2 59. h7 Rc7+ 60.
Kd3 e1=Q 61. Rf8+ Kg3 62. Rg8+ Kf3 63. Rf8+ Kg4 64. Rg8+ Kf5 65. Rf8+ Kg6 66.
h8=Q Qd1+ 67. Ke3 Re7+ 68. Kf2 Qe1+ 69. Kg2 Re2+ 70. Kf3 Qf1+ 0-1

[Event "May Lviv Tradition (IM-group)"]
[Site "Lviv"]
[Date "2015.05.31"]
[Round "9.3"]
[White "Ivanenko, Olga I"]
[Black "Shevchenko, Kirill"]
[Result "1-0"]
[WhiteElo "2182"]
[BlackElo "2306"]
[PlyCount "107"]
[EventDate "2015.05.26"]

1. e4 c5 2. Nf3 d6 3. d4 cxd4 4. Nxd4 Nf6 5. Nc3 a6 6. Qf3 e6 7. g4 Be7 8. g5
Nfd7 9. h4 Nc6 10. Be3 Qc7 11. O-O-O Nce5 12. Qg2 Nc4 13. Bxc4 Qxc4 14. g6 hxg6
15. h5 gxh5 16. Qxg7 Bf6 17. Qg3 h4 18. Qxd6 Be5 19. Qa3 b6 20. Ndb5 Bb7 21.
Nd6+ Bxd6 22. Qxd6 O-O-O 23. Bg5 f6 24. Bxh4 Qc7 25. Bg3 Qxd6 26. Bxd6 f5 27.
Rxh8 Rxh8 28. exf5 exf5 29. b3 Rd8 30. Rg1 Re8 31. Rg5 Nf6 32. Rxf5 Re6 33. Bg3
Kd7 34. Bh4 Ne4 35. Rf7+ Kc8 36. Rf8+ Kd7 37. Rf7+ Kc8 38. Nxe4 Rxe4 39. Bg3
Bd5 40. Rc7+ Kd8 41. c4 Be6 42. Rb7 Re1+ 43. Kd2 Ra1 44. a4 b5 45. axb5 axb5
46. Rxb5 Kd7 47. Rb6 Rb1 48. Kc3 Rc1+ 49. Kd4 Rb1 50. Kc5 Rb2 51. Rb7+ Kc8 52.
Kc6 Kd8 53. Bh4+ Kc8 54. Re7 1-0

[Event "May Lviv Tradition (IM-group)"]
[Site "Lviv"]
[Date "2015.05.31"]
[Round "9.4"]
[White "Shkuran, Daniil"]
[Black "Koziol, Kamil"]
[Result "1/2-1/2"]
[WhiteElo "2386"]
[BlackElo "2207"]
[PlyCount "115"]
[EventDate "2015.05.26"]

1. e4 c5 2. Nf3 Nc6 3. Nc3 e6 4. d4 cxd4 5. Nxd4 Qc7 6. g3 a6 7. Bg2 h5 8. h3
d6 9. f4 Be7 10. Nb3 b5 11. Be3 Bb7 12. O-O Nf6 13. Qd2 Rc8 14. a3 O-O 15. Rad1
b4 16. axb4 Nxb4 17. Nd4 d5 18. e5 Ne4 19. Nxe4 dxe4 20. Kh2 Rfd8 21. c3 Nd3
22. Qe2 g6 23. h4 Bd5 24. Rd2 Kg7 25. Ra1 Qb7 26. Bg1 Bc5 27. Rc2 Ba7 28. Ra4
Nc5 29. Ra3 Nd3 30. b3 Qe7 31. Rxa6 Bxd4 32. Bxd4 Nxf4 33. Qe3 Nxg2 34. Rxg2
Bxb3 $11 35. Rd6 Kg8 36. Qh6 Qf8 37. Qg5 Bd5 38. Rf2 e3 39. Bxe3 Ra8 40. c4 Be4
41. Qf4 Bf5 42. c5 Rdb8 43. c6 Qe7 44. Bc5 Rb1 45. Rfd2 Qc7 46. Qd4 Raa1 47.
Kg2 Rh1 48. Rd8+ Kh7 49. Qd6 Be4+ 50. Kf2 Rae1 51. Re2 Rhf1+ 52. Ke3 Qxc6 53.
Qxc6 Bxc6 54. Be7 Rf3+ 55. Kd2 Ra1 56. Bf6 Ra2+ 57. Ke1 Ra1+ 58. Kd2 1/2-1/2

[Event "May Lviv Tradition (IM-group)"]
[Site "Lviv"]
[Date "2015.05.31"]
[Round "9.5"]
[White "Sevostianov, Pavel"]
[Black "Punin, Andrii"]
[Result "1-0"]
[WhiteElo "2263"]
[BlackElo "2246"]
[PlyCount "67"]
[EventDate "2015.05.26"]

1. c4 c5 2. g3 Nc6 3. Bg2 g6 4. Nc3 Bg7 5. a3 e6 6. b4 Nxb4 7. axb4 cxb4 8. Ne4
Bxa1 9. Qa4 Be5 10. Nf3 Bc7 11. Bb2 f6 12. g4 h6 13. d4 b5 14. cxb5 Bb7 15. Nc5
Bd5 16. e4 Ne7 17. Nd2 Bf4 18. exd5 Nxd5 19. Bxd5 exd5 20. Qxb4 O-O 21. Qb3
Re8+ 22. Kd1 Bxd2 23. Kxd2 Qb8 24. Qxd5+ Kh8 25. Qf3 Qxb5 26. Bc3 Kg7 27. d5
Rf8 28. Nd3 Rac8 29. Rc1 Kh7 30. h4 d6 31. h5 Qd7 32. hxg6+ Kxg6 33. Nf4+ Kh7
34. Ne6 1-0

[Event "May Lviv Tradition (IM-group)"]
[Site "Lviv"]
[Date "2015.05.31"]
[Round "9.6"]
[White "Nayhebaver, Martin"]
[Black "Bunyatov, Rustam"]
[Result "1-0"]
[WhiteElo "2317"]
[BlackElo "2104"]
[PlyCount "93"]
[EventDate "2015.05.26"]

1. e4 e5 2. Nf3 Nc6 3. Bb5 a6 4. Ba4 Nf6 5. O-O Be7 6. Re1 b5 7. Bb3 O-O 8. h3
d6 9. c3 Na5 10. Bc2 c5 11. d4 Qc7 12. Nbd2 Nc6 13. Nf1 cxd4 14. cxd4 exd4 15.
Ng3 Nd7 16. Bb3 Bb7 17. Nf5 Bf6 18. Bf4 Nde5 19. N3xd4 Nxd4 20. Nxd4 Ng6 21.
Rc1 Qd8 22. Bg3 Qb6 23. Nf5 Bxb2 24. Qxd6 Qxd6 25. Nxd6 Bxc1 26. Rxc1 Rac8 27.
Bxf7+ Rxf7 28. Nxc8 Bxc8 29. Rxc8+ Rf8 30. Rc7 Rf7 31. Kf1 Rxc7 32. Bxc7 Ne7
33. Ke2 Nc6 34. f4 Kf7 35. Bd6 Ke6 36. Bc5 Na5 37. Kd3 Nc6 38. g4 Kf6 39. e5+
Ke6 40. Ke4 Na5 41. f5+ Kf7 42. e6+ Ke8 43. g5 Nb7 44. Kd5 Nd8 45. f6 gxf6 46.
gxf6 h6 47. Bb6 1-0

[Event "May Lviv Tradition (IM-group)"]
[Site "Lviv"]
[Date "2015.05.31"]
[Round "10.1"]
[White "Anwesh, Upadhyaya"]
[Black "Bunyatov, Rustam"]
[Result "1-0"]
[WhiteElo "2373"]
[BlackElo "2104"]
[PlyCount "39"]
[EventDate "2015.05.26"]

1. Nf3 d5 2. c4 c6 3. e3 Nf6 4. d4 a6 5. Bd3 b5 6. b3 Bg4 7. Nbd2 e6 8. Qc2 Be7
9. Bb2 O-O 10. O-O Bxf3 11. Nxf3 Nbd7 12. Ne5 Rc8 13. Rac1 g6 14. cxb5 cxb5 15.
Nc6 Qe8 16. a4 bxa4 17. Bxa6 axb3 18. Qxb3 Rxc6 19. Rxc6 Nc5 20. Rxc5 1-0

[Event "May Lviv Tradition (IM-group)"]
[Site "Lviv"]
[Date "2015.05.31"]
[Round "10.2"]
[White "Punin, Andrii"]
[Black "Nayhebaver, Martin"]
[Result "1/2-1/2"]
[WhiteElo "2246"]
[BlackElo "2317"]
[PlyCount "72"]
[EventDate "2015.05.26"]

1. d4 Nf6 2. Nc3 d5 3. Bf4 a6 4. e3 b5 5. a3 Bb7 6. Nf3 e6 7. Bd3 Nbd7 8. O-O
c5 9. dxc5 Nxc5 10. b4 Nce4 11. Ne2 Be7 12. a4 bxa4 13. Rxa4 O-O 14. c3 a5 15.
Qb3 Qb6 16. Rb1 Bc6 17. Rxa5 Rxa5 18. bxa5 Qxa5 19. Qb6 Qxb6 20. Rxb6 Ra8 21.
Rb8+ Rxb8 22. Bxb8 Nd7 23. Ba7 Nec5 24. Ned4 Nxd3 25. Nxc6 Ba3 26. Nd2 Bb2 27.
Nb1 N3c5 28. Bxc5 Nxc5 29. Na5 Ne4 30. c4 d4 31. Kf1 dxe3 32. fxe3 $11 Be5 33.
h3 f5 34. Ke2 Kf7 35. Nd2 Nc5 36. Nab3 Nxb3 $11 1/2-1/2

[Event "May Lviv Tradition (IM-group)"]
[Site "Lviv"]
[Date "2015.05.31"]
[Round "10.3"]
[White "Koziol, Kamil"]
[Black "Sevostianov, Pavel"]
[Result "1/2-1/2"]
[WhiteElo "2207"]
[BlackElo "2263"]
[PlyCount "61"]
[EventDate "2015.05.26"]

1. d4 Nf6 2. c4 g6 3. Nc3 Bg7 4. e4 O-O 5. Be3 d6 6. f3 a6 7. Qd2 Nc6 8. Nge2
Bd7 9. Ng3 Re8 10. Rd1 h5 11. Bd3 h4 12. Nge2 Nh5 13. Bb1 e5 14. d5 Na5 15. Bd3
b6 16. g4 Nf4 17. Nxf4 exf4 18. Bxf4 Qf6 19. g5 Qe7 20. Qf2 h3 21. O-O Nb7 22.
Rfe1 Nc5 23. Bf1 b5 24. Qd2 b4 25. Ne2 f5 26. Ng3 Qf7 27. Bxh3 fxe4 28. Bxd7
Nxd7 29. Nxe4 Rf8 30. Bg3 Qxf3 31. Qe2 $11 1/2-1/2

[Event "May Lviv Tradition (IM-group)"]
[Site "Lviv"]
[Date "2015.05.31"]
[Round "10.4"]
[White "Shevchenko, Kirill"]
[Black "Shkuran, Daniil"]
[Result "0-1"]
[WhiteElo "2306"]
[BlackElo "2386"]
[PlyCount "54"]
[EventDate "2015.05.26"]

1. e4 c5 2. Nf3 e6 3. d4 cxd4 4. Nxd4 a6 5. Bd3 Nf6 6. O-O Nc6 7. Nxc6 dxc6 8.
Nd2 Qc7 9. f4 e5 10. Nc4 Bc5+ 11. Kh1 Ng4 12. Qf3 Be6 13. Bd2 h5 14. b4 Bd4 15.
c3 Ba7 16. fxe5 O-O-O 17. Bf4 Kb8 18. Be2 Qe7 19. Be3 Bxc4 20. Bxa7+ Kxa7 21.
Bxc4 Qxe5 22. Qf4 Qxc3 23. Rac1 Qd4 24. Bxf7 Rhf8 25. Qg3 Rd7 26. Be6 Rxf1+ 27.
Rxf1 Nf2+ 0-1

[Event "May Lviv Tradition (IM-group)"]
[Site "Lviv"]
[Date "2015.05.31"]
[Round "10.5"]
[White "Grekh, Andrey"]
[Black "Ivanenko, Olga I"]
[Result "1-0"]
[WhiteElo "2341"]
[BlackElo "2182"]
[PlyCount "77"]
[EventDate "2015.05.26"]

1. e4 c5 2. Nf3 a6 3. c3 d6 4. d4 Nf6 5. Bd3 g6 6. O-O Bg7 7. h3 O-O 8. Be3 Qc7
9. Qd2 e5 10. Bh6 Nc6 11. Bxg7 Kxg7 12. d5 Ne7 13. c4 Nh5 14. Nc3 Nf4 15. Ne2
Nxd3 16. Qxd3 f5 17. exf5 Bxf5 18. Qc3 Ng8 19. Ng3 Qe7 20. a4 a5 21. Rae1 Qf6
22. Nd2 Ra6 23. Nde4 Qh4 24. f4 Bxe4 25. Nxe4 Rxf4 26. Rxf4 Qxf4 27. Qb3 Qf7
28. Ng5 Qe7 29. Rf1 Nh6 30. Ne6+ Kh8 31. Rf8+ Ng8 32. Qb5 h6 33. Rb8 Ra7 34.
Qb6 Ra6 35. Qb3 Ra7 36. Qd3 Qf7 37. Rf8 Qh7 38. Qf3 b6 39. Qf6+ 1-0

[Event "May Lviv Tradition (IM-group)"]
[Site "Lviv"]
[Date "2015.05.31"]
[Round "10.6"]
[White "Kryvoruchko, Vita"]
[Black "Osmak, Iulija"]
[Result "0-1"]
[WhiteElo "2213"]
[BlackElo "2368"]
[PlyCount "84"]
[EventDate "2015.05.26"]

1. e4 d6 2. d4 Nf6 3. Nc3 c6 4. Bd3 e5 5. Nf3 Nbd7 6. O-O Be7 7. h3 O-O 8. a4
a5 9. Be3 Re8 10. Ne2 Bf8 11. Ng3 exd4 12. Nxd4 d5 13. exd5 Nxd5 14. Bd2 Ne5
15. Be2 Qb6 16. Nb3 Be6 17. Kh1 Nb4 18. Be3 Qc7 19. Nd4 Bc4 20. b3 Bxe2 21.
Qxe2 Nd5 22. Ndf5 Nxe3 23. Nxe3 g6 24. Rad1 Bg7 25. Rd2 Nd7 26. Rfd1 Nf6 27.
Qf3 h5 28. Nc4 Re7 29. Nd6 Nd5 30. c4 Qxd6 31. cxd5 cxd5 32. Rxd5 Qf6 33. Rb5
Rae8 34. Rxa5 Re1+ 35. Rxe1 Rxe1+ 36. Kh2 h4 37. Ne4 Qe7 38. Ra8+ Kh7 39. Qxf7
Qxe4 40. Rg8 Qe5+ 41. g3 hxg3+ 42. Kg2 gxf2 0-1